Statistics for Footloose - Kenny Loggins - All Lyrics

Click here to take the quiz!

General Stats

  • This quiz has been taken 11 times
  • The average score is 170 of 255

Answer Stats

Answer% Correct
cut
100%
cut,
100%
(Cut
100%
footloose
100%
Footloose
100%
(Footloose)
100%
footloose)
100%
go
100%
got
100%
loose,
100%
Louise
100%
of
100%
off
100%
all
90%
back
90%
I
90%
Kick
90%
me
90%
Oh,
90%
oh-oh
90%
Ooh-ee,
90%
shoes
90%
Sunday
90%
Whoa,
90%
Yo-oh-oh
90%
You
90%
you
90%
your
90%
And
80%
every
80%
Everybody
80%
everybody
80%
(Everybody)
80%
get
80%
gotta
80%
in
80%
it
80%
it,
80%
It
80%
my
80%
by
70%
on
70%
on,
70%
so
70%
That
70%
the
70%
up
70%
down
60%
feet
60%
hard
60%
if
60%
I’m
60%
I'm
60%
Jack,
60%
this
60%
to
60%
workin'
60%
ahold
50%
around
50%
been
50%
can
50%
for
50%
I’ll
50%
I'll
50%
knees
50%
Lose
50%
Now
50%
Please,
50%
turn
50%
we
50%
before
40%
blues
40%
card
40%
come
40%
Come
40%
crack
40%
don't
40%
feeling
40%
ground
40%
Pull
40%
punchin'
40%
town
40%
what
40%
what?
40%
burnin',
30%
But
30%
ceiling
30%
Eight
30%
even
30%
fly
30%
hit
30%
holdin'
30%
hours,
30%
life
30%
obeyin'
30%
only
30%
or
30%
put
30%
rule
30%
some
30%
take
30%
tear
30%
tell
30%
try
30%
yearnin'
30%
you’re
30%
You're
30%
You've
30%
ain't
20%
else
20%
heart,
20%
let's
20%
Marie
20%
Milo
20%
passin'
20%
playin'
20%
Shake
20%
shake
20%
Somebody
20%
time's
20%
turnin'
20%
way
20%
Well,
20%
will
20%
you'd
20%
cool,
10%
dig
10%
just
10%
Tonight,
10%
tryin'
10%

Score Distribution

Percentile by Number Answered

Percent of People with Each Score

Your Score History

You have not taken this quiz